|
|
|
|
| LEADER |
01725nam a2200421 i 4500 |
| 001 |
EBC4179734 |
| 003 |
MiAaPQ |
| 005 |
20200520144314.0 |
| 006 |
m o d | |
| 007 |
cr cnu|||||||| |
| 008 |
190124s2015 gw a o 000 0 eng d |
| 020 |
|
|
|z 9783110439748
|
| 020 |
|
|
|a 9783110439755
|q (electronic bk.)
|
| 035 |
|
|
|a (MiAaPQ)EBC4179734
|
| 035 |
|
|
|a (Au-PeEL)EBL4179734
|
| 035 |
|
|
|a (CaPaEBR)ebr11123854
|
| 035 |
|
|
|a (OCoLC)940512933
|
| 040 |
|
|
|a MiAaPQ
|b eng
|e rda
|e pn
|c MiAaPQ
|d MiAaPQ
|
| 043 |
|
|
|a a-tu---
|
| 050 |
|
4 |
|a DR486
|b .S635 2015
|
| 082 |
0 |
|
|a 956.1015
|2 23
|
| 245 |
0 |
0 |
|a Society, law, and culture in the Middle East :
|b "modernities" in the making /
|c Dror Ze'evi and Ehud R. Toledano (eds.).
|
| 264 |
|
1 |
|a Berlin :
|b De Gruyter Open,
|c [2015]
|
| 264 |
|
4 |
|c 2015
|
| 300 |
|
|
|a 1 online resource (166 pages) :
|b illustrations
|
| 336 |
|
|
|a text
|b txt
|2 rdacontent
|
| 337 |
|
|
|a computer
|b c
|2 rdamedia
|
| 338 |
|
|
|a online resource
|b cr
|2 rdacarrier
|
| 588 |
|
|
|a Description based on print version record.
|
| 590 |
|
|
|a Electronic reproduction. Ann Arbor, MI : ProQuest, 2018. Available via World Wide Web. Access may be limited to ProQuest affiliated libraries.
|
| 651 |
|
0 |
|a Turkey
|x History
|y Ottoman Empire, 1288-1918.
|
| 651 |
|
0 |
|a Turkey
|x Social conditions
|y 1288-1918.
|
| 655 |
|
4 |
|a Electronic books.
|
| 700 |
1 |
|
|a Zeevi, Dror,
|d 1953-
|e editor.
|
| 700 |
1 |
|
|a Toledano, Ehud R.,
|e editor.
|
| 776 |
0 |
8 |
|i Print version:
|t Society, law, and culture in the Middle East : "modernities" in the making.
|d Berlin : De Gruyter Open, c2015
|h 166 pages
|z 9783110439748
|
| 797 |
2 |
|
|a ProQuest (Firm)
|
| 856 |
4 |
0 |
|u https://ebookcentral.proquest.com/lib/matrademy/detail.action?docID=4179734
|z Click to View
|